00971nam a2200217 a 450000100100000000500170001000800410002702000180006804000250008610000500011124500530016126000510021430000210026550000420028650000530032850000330038195201100041495201040052495201100062899900150073800000608920200929151925.0090826s2008 dr 001 0 spa d a9789945867206 aDO-SdBNPbspacBNPHU1 aEscrivá De Balaguer, San Josemaría91714310aCamino /cSan Josemaría Escrivá de Balaguer. aSanto Domingo :bEdiciones Pico Duerte,c2008. a358 p. ;c17 cm. aIncluye datos biográficos del autor aIncluye índice de cita de la sagrada escritura aIncluye índice analítico 0010718DSaGRbGRcCTd2009-08-26iLF1l0o p6089-30r2020-06-25te. 3w2020-06-25yLFDSZNo se presta 0010718PDaPDbPDcCTd2009-08-26iLF1l0o p6089-10r2020-06-25w2020-06-25yLFPDZNo se presta 0010718PDaPDbPDcCTd2009-08-26iLF1l0o p6089-20r2020-06-25te. 2w2020-06-25yLFPDZNo se presta c5885d5885